| 000 | 00561 a2200181 4500 | ||
|---|---|---|---|
| 003 | OSt | ||
| 005 | 20180116182630.0 | ||
| 008 | 160819b xxu||||| |||| 00| 0 eng d | ||
| 020 | _a0 | ||
| 040 | _c0 | ||
| 082 | _a658.5 HRA 1998 | ||
| 100 | _aJOHN L. HRADESKY | ||
| 245 |
_aPRODUCTIVITY AND QUALITY IMPROVEMENT _bA PRACTICAL GUIDE TO IMPLEMENTING STAISTICAL PROCESS CONTROL _cJOHN L. HRADESKY |
||
| 260 |
_aNEW YORK _bMC GRAW HIL NEW YORK _c1998 |
||
| 300 |
_a243 p. _bHB |
||
| 440 | _aPRODUCTIVITY AND QUALITY IMPROVEMENT | ||
| 942 |
_aNBS _cBK _k658.5 HRA _2ddc |
||
| 999 |
_c343083 _d343083 |
||